MDQL
is popping MORE tags! Check the
thread
!
Quizzes
Events
Quiz Creation
Community
Videos
Private Events
Remove Ads
Sign In
Join for FREE
Feedback
Dark Mode
Quiz Categories
Sports
Geography
Music
Movies
Television
Just For Fun
Miscellaneous
History
Literature
Language
Science
Gaming
Entertainment
Religion
Holiday
For Kids
Quiz Lab
Recent
Popular Today
Quiz Kudos Today
Editor Picks
Curator Picks
Quizzes by...
Day
Popularity
Type
Ratings
Length
Year
Community
Subscriptions
Recent Discussions
Orange Saloon
Badges
Playlists
Quests
Create
Leaderboards
Showdown
Live 5
Trivia Bingo
Activity
Puzzle Library
Sporcle Events
Private Events
Virtual Trivia
Globe League
Become a Host
Pub Owners
SporcleCon
Opinionation
Our Games
Videos
Blog
Mobile Apps
Partnerships
Remove Ads and Go Orange
Feedback
Sports
Athletes
MLB
NBA
NHL
NFL
Soccer
Sports Teams
WWE
NCAA
Football
Premier League
Basketball
Baseball
Hockey
Golf
Tennis
Cricket
Rugby
Auto Racing
Olympics
World Cup
Sports
Athletes
MLB
NBA
NHL
NFL
Soccer
Sports Teams
WWE
NCAA
Football
Premier League
Basketball
Baseball
Hockey
Golf
Tennis
Cricket
Rugby
Auto Racing
Olympics
World Cup
Random Quiz
Search Sporcle
×
Quiz Lab
Quiz Lab
Sports
Cricket
Type in answers that appear in a list
Type in answers that appear in a list
Classic
Best Score? Go Orange.
Leading wicket-takers in all international cricket Stats
Can you name the leading wicket-takers in all international cricket?
By
Wisden2020
8m
50 Questions
22K Plays
22,032 Plays
22,032 Plays
Comments
Comments
Give Quiz Kudos
Give Quiz Kudos
-
- Ratings
hide this ad
Replay
Link that replays current quiz
Next Quiz
Link to next quiz in quiz playlist
You Got
0%
They Got
Avg Score
64%
Avg Friend Score
Upgrade to see
Score Distribution
Jump to the score distribution portion of the page
Score
0/50
Timer
08:00
0
Plays Today
Country
Name
% Correct
Australia
Shane Warne
97.7%
England
James Anderson
95.2%
England
Stuart Broad
93.5%
India
Anil Kumble
93.1%
Australia
Glenn McGrath
93%
Pakistan
Wasim Akram
90.9%
India
Zaheer Khan
88.4%
Pakistan
Imran Khan
87.7%
South Africa
Dale Steyn
87.5%
Pakistan
Waqar Younis
87.3%
South Africa
Shaun Pollock
87%
India
Ravichandran Ashwin
85.3%
Sri Lanka
Chaminda Vaas
85%
Australia
Brett Lee
84.7%
India
Harbhajan Singh
84.6%
West Indies
Courtney Walsh
84.2%
New Zealand
Tim Southee
83.9%
New Zealand
Trent Boult
83.8%
New Zealand
Daniel Vettori
83.4%
West Indies
Curtly Ambrose
83.1%
India
Kapil Dev
82%
South Africa
Makhaya Ntini
77.3%
Australia
Mitchell Starc
76.5%
South Africa
Allan Donald
75.7%
South Africa
Jacques Kallis
74%
Country
Name
% Correct
New Zealand
Richard Hadlee
73.5%
Australia
Mithell Johnson
72.6%
Sri Lanka
Rangana Herath
72.3%
Bangladesh
Shakib Al Hasan
72.1%
Australia
Nathan Lyon
71.4%
India
Ravindra Jadeja
71%
West Indies
Malcolm Marshall
68.5%
South Africa
Morne Morkel
67.8%
India
Ishant Sharma
63.1%
India
Javagal Srinath
62.8%
England
Ian Botham
62.5%
South Africa
Kagiso Rabada
60.4%
Sri Lanka
Lasith Malinga
59.4%
Pakistan
Shoaib Akhtar
58.4%
Pakistan
Shahid Afridi
58%
Australia
Dennis Lillee
57.4%
Pakistan
Saqlain Mushtaq
57.2%
Zimbabwe
Heath Streak
55.7%
Sri Lanka
Muthiah Muralidaran
54.8%
Pakistan
Saeed Ajmal
52%
Australia
Craig McDermott
48.6%
Sri Lanka
Sanath Jayasuriya
48%
New Zealand
Chris Cairns
45.7%
England
Darren Gough
44.3%
Pakistan
Umar Gul
39.1%
Quiz Playlist
Details
Report
Send in Message
Add To Playlist
Classic:
Type in answers that appear in a list
Last Updated: Oct 17, 2022
Quiz Scoreboard
CHALLENGE
Sign Up to Join the Scoreboard
Show All
Scores
Hide
Comments
May contain spoilers
Recently Published
Find the 'City' Movie
by crazypaving
Movies
60s
5x2 Blitz: Bands
by SL_Kpop136
Music
30s
Colored Red Africa Blitz
by spor1
Geography
30s
More to Explore
Quiz From the Vault
Featured Blog Post
14 Easter Pick-up Lines to Find Eggs With
hide this ad
You Might Also Like...
Tags
Cricket Quiz
Today's Top Quizzes in Sports
Browse Sports
hide this ad
Today's Top Quizzes in Cricket
Browse Cricket
Top Contributed Quizzes in Sports
1
Players with Multiple 50 Home Run Seasons
2
Who Needs Fielders?
3
Criteria MLB: Left Handed Sluggers
4
MLB Players with Two .350 Batting Average Seasons
5
Who Hit More Homers?
6
2020 F1 Drivers Logic Puzzle
7
NBA Teammate Connections
8
Premier League Clubs since 2000 (minefield)
9
MLB Teams by First Game
10
Top 10 NHL Goal Scorers of All Time
Explore More
Trending Topics
Kpop
NBA
Harry Potter
Disney
Crossword
Marvel
Anime
Song
Soccer
Pokémon
NFL
WWE
Puzzle
The Office
Country
hide this ad
More By:
Wisden2020
Quiz
Plays
Rating
Category
Featured
Created
Leading Test run-scorers in the 21st century
42,625
4.33
Sports
Apr 1, 2020
Leading Test wicket-takers in the 21st century
39,007
5.00
Sports
Apr 1, 2020
England's Most Common Test XI 1995-2022
39,006
5.00
Sports
Jul 27, 2020
Name every man to have hit 10 or more Test centuries
38,596
5.00
Sports
Apr 25, 2020
Name every England Test centurion in the 21st century
37,761
5.00
Sports
Mar 25, 2020
Go to Creator's Profile
Score Distribution
Quiz Creator Spotlight
Wisden2020
Follow
Send a Message
Quizzes Created
-
Created Quiz Play Count
-
More By This Creator
Popular Quizzes Today
1
5x2 Blitz: Bands
2
Find the 'City' Movie
3
Colored Red Africa Blitz
4
Find the US States - No Outlines Minefield
5
The Countries of the World
6
Find the US States
7
9x9 Crossword: Cartoon Network
8
US States
More Sports Quizzes
100 Greatest MLB Players According to Bleacher Report
Quiz Lab
Trending Quizzes
Colored Red Africa Blitz II
Colored Red Europe Blitz I
Christmas Pick: Judaism
Colored Red Africa Blitz III
Colored Red Europe Blitz II
Recently Updated
Champions League XIs: Real Madrid
pecheneg
Largest US Cities 1790-2010
pecheneg
Rides in Walt Disney World
pecheneg
Most Oscar Losses (Acting)
pecheneg
Beyoncé Albums
pecheneg
Leaping Animals
pecheneg
Reality TV Shows (A-Z)
bhenderson79
Rickey Henderson's Hall of Fame Teammates
pecheneg
Champions League XIs: Arsenal
pecheneg
Quick Pick: Celebrities in WWE's Hall of Fame
aduchscher
Trending Topics
Anime
NBA
Kpop
Disney
Harry Potter
Marvel
Crossword
Song
Pokémon
Country
The Office
Soccer
Puzzle
WWE
NFL
Your Account Isn't Verified!
In order to create a playlist on Sporcle, you need to verify the email address you used during registration. Go to your
Sporcle Settings
to finish the process.
Report this User
Report this user for behavior that violates our
Community Guidelines
.
Details:
Send Report
Go to the Sporcle.com Mobile Site →
Comments